[Event "AUTO-ADV-4253"]
[Site "http://www.queenalice.com/game.php?id=1602695"]
[Date "2020.3.15"]
[Round "2"]
[White "jambalaya"]
[Black "AAP"]
[Result "0-1"]
[WhiteElo "1881"]
[BlackElo "2196"]

1. g3 c5 2. Bg2 Nc6 3. c4 Nf6 4. Nc3 g6 5. b3 Bg7 6. Bb2 O-O 7. Nf3 d5 8. d3 d4
9. Nb1 e5 10. O-O e4 11. dxe4 Nxe4 12. a3 Re8 13. Nfd2 Nc3 14. Qc2 Bf5 15. e4
dxe3 0-1

[Event "AUTO-ELITE-2251"]
[Site "http://www.queenalice.com/game.php?id=1619937"]
[Date "2020.7.11"]
[Round "1"]
[White "danielglowinski"]
[Black "AAP"]
[Result "1-0"]
[WhiteElo "2479"]
[BlackElo "2316"]

1. e4 c5 2. Nf3 e6 3. d4 cxd4 4. Nxd4 Nc6 5. Nc3 Nf6 6. Ndb5 Bb4 7. a3 Bxc3+ 8.
Nxc3 d5 9. exd5 exd5 10. Qe2+ Be6 11. Bg5 O-O 12. O-O-O Re8 13. Qb5 a6 14. Qxb7
Qd6 15. Qb6 Nd7 16. Ne4 Qe5 17. Qxc6 Qxe4 18. Qd6 1-0

[Event "AUTO-ELITE-2251"]
[Site "http://www.queenalice.com/game.php?id=1619938"]
[Date "2020.7.11"]
[Round "1"]
[White "AAP"]
[Black "danielglowinski"]
[Result "0-1"]
[WhiteElo "2323"]
[BlackElo "2474"]

1. d4 Nf6 2. a3 e6 3. c4 d5 4. Nc3 Be7 5. Bf4 O-O 6. e3 Re8 7. Nf3 Nc6 8. Qc2 h6
9. h4 Bd6 10. Bg5 hxg5 11. hxg5 Ne4 12. Nxe4 dxe4 13. Qxe4 f5 14. Qh4 b6 15. g4
Ne7 16. c5 bxc5 17. dxc5 Kf8 18. Bc4 Bd7 0-1

[Event "AUTO-ELITE-2251"]
[Site "http://www.queenalice.com/game.php?id=1619944"]
[Date "2020.7.11"]
[Round "1"]
[White "AAP"]
[Black "BEBADO"]
[Result "1/2-1/2"]
[WhiteElo "2327"]
[BlackElo "2281"]

1. d4 Nf6 2. c4 e6 3. g3 Bb4+ 4. Nd2 b6 5. Bg2 Nc6 6. Nf3 Bb7 7. a3 Bxd2+ 8.
Nxd2 d5 9. cxd5 exd5 10. e3 O-O 11. O-O Re8 12. b3 Ne7 13. Bb2 Nf5 14. a4 Nd6
15. Rc1 c6 16. Nf3 Nfe4 17. Ne5 Rc8 18. Nd3 Qd7 1/2-1/2

[Event "AUTO-MASTER-2974"]
[Site "http://www.queenalice.com/game.php?id=1620180"]
[Date "2020.7.12"]
[Round "1"]
[White "Scharlatan"]
[Black "AAP"]
[Result "0-1"]
[WhiteElo "2067"]
[BlackElo "2351"]

1. Nf3 c5 2. e4 e6 3. d4 cxd4 4. Nxd4 a6 5. c4 Bb4+ 6. Bd2 Qb6 7. Nc2 Bc5 8. Be3
Bxe3 9. Nxe3 Qxb2 10. Nd2 Nf6 11. Be2 Nc6 12. c5 O-O 13. Nec4 Qb4 14. Rb1 Qxc5
15. O-O d5 16. Nb6 Rb8 17. exd5 exd5 18. Bf3 Bf5 19. Rb2 Rfe8 20. Qb3 Rbd8 21.
Na4 Qd6 22. Rd1 Nd4 23. Qb6 Qf4 24. Nc5 Be4 25. Ndxe4 dxe4 26. Bxe4 Nf3+ 27.
Bxf3 Rxd1+ 28. Bxd1 Re1# 0-1

[Event "AUTO-MASTER-2974"]
[Site "http://www.queenalice.com/game.php?id=1620181"]
[Date "2020.7.12"]
[Round "1"]
[White "AAP"]
[Black "Scharlatan"]
[Result "1-0"]
[WhiteElo "2281"]
[BlackElo "2185"]

1. d4 d5 2. c4 c6 3. cxd5 cxd5 4. Bf4 Nc6 5. Nc3 Nf6 6. e3 a6 7. Nf3 Bg4 8. h3
Bh5 9. g4 Bg6 10. Qb3 Na5 11. Qa4+ b5 12. Bxb5+ Nd7 13. Bxd7+ 1-0

[Event "AUTO-MASTER-2974"]
[Site "http://www.queenalice.com/game.php?id=1620204"]
[Date "2020.7.12"]
[Round "1"]
[White "AAP"]
[Black "Artking"]
[Result "1-0"]
[WhiteElo "2270"]
[BlackElo "2054"]

1. d4 Nf6 2. c4 g6 3. Nc3 Bg7 4. e4 d6 5. h3 Nbd7 6. Bd3 e5 7. d5 c5 8. Nge2 O-O
9. g4 h5 10. Rg1 hxg4 11. hxg4 a6 12. Ng3 Nb6 13. Nf5 gxf5 14. gxf5 Nbd7 15. Qd2
Qe7 16. Qg5 1-0

[Event "AUTO-MASTER-2974"]
[Site "http://www.queenalice.com/game.php?id=1620205"]
[Date "2020.7.12"]
[Round "1"]
[White "Artking"]
[Black "AAP"]
[Result "0-1"]
[WhiteElo "2047"]
[BlackElo "2276"]

1. c4 c5 2. Nc3 Nc6 3. Nf3 g6 4. g3 Bg7 5. Bg2 e6 6. O-O Nge7 7. e3 O-O 8. a3 b6
9. d3 d5 10. b3 Bxc3 11. Ra2 Bg7 12. d4 cxd4 13. exd4 Ba6 14. Rc2 dxc4 15. bxc4
Na5 16. Ne5 Rc8 17. Bg5 f6 0-1

[Event "AUTO-ELITE-2252"]
[Site "http://www.queenalice.com/game.php?id=1620210"]
[Date "2020.7.12"]
[Round "1"]
[White "trompmaster"]
[Black "AAP"]
[Result "0-1"]
[WhiteElo "2371"]
[BlackElo "2304"]

1. d4 e6 2. Nf3 Nf6 3. g3 b5 4. Bg2 Bb7 5. O-O c5 6. Bg5 d5 7. a4 b4 8. c4 Nbd7
9. Nbd2 Be7 10. cxd5 Bxd5 11. Rc1 O-O 12. Ne5 Rc8 13. Nxd7 Nxd7 14. Bxe7 Qxe7
15. e4 Bb7 16. Nc4 Ba6 17. d5 Rfd8 18. Qb3 Bxc4 19. Qxc4 Ne5 20. Qa6 c4 21. Rfd1
Rc5 22. dxe6 Rxd1+ 23. Rxd1 fxe6 24. f4 Nd3 25. Bh3 Kf8 26. Bxe6 Rc7 27. Qa5
Qc5+ 28. Qxc5+ Rxc5 29. f5 Nxb2 30. Rd8+ Ke7 31. Rd7+ Kf6 32. Rf7+ Ke5 33. Rxg7
c3 34. Bb3 Nc4 35. Re7+ Kf6 36. Re6+ Kf7 37. Rh6 Kf8 38. Rxh7 Nd2 39. Rh8+ Ke7
40. Rh7+ Ke8 41. Rh8+ Ke7 42. Rh7+ Kd6 43. Rh6+ Ke5 44. Re6+ Kd4 45. f6 c2 46.
Bxc2 Rxc2 47. f7 Nf3+ 48. Kf1 Ke3 0-1

[Event "AUTO-ELITE-2252"]
[Site "http://www.queenalice.com/game.php?id=1620211"]
[Date "2020.7.12"]
[Round "1"]
[White "AAP"]
[Black "trompmaster"]
[Result "1-0"]
[WhiteElo "2290"]
[BlackElo "2392"]

1. d4 d6 2. Nf3 Nf6 3. h3 Nbd7 4. e3 e5 5. c4 c6 6. Nc3 Be7 7. Qc2 Qc7 8. e4 h6
9. Bd3 Nf8 10. Be3 g5 11. O-O-O Ng6 12. Kb1 Bd7 13. g3 Kf8 14. c5 dxc5 15. Nxe5
Nxe5 16. dxe5 Qxe5 17. Ne2 b6 18. f4 Qc7 19. fxg5 hxg5 20. Bxg5 Rh5 21. Be3 Rxh3
22. Rxh3 Bxh3 23. Rh1 Bc8 24. Bf4 Bd6 25. Qc3 Qe7 26. Rh6 c4 27. e5 Nd5 28. Qd4
Bc5 29. Rh8+ Kg7 30. Qe4 f5 31. Qh1 1-0

[Event "AUTO-ELITE-2252"]
[Site "http://www.queenalice.com/game.php?id=1620216"]
[Date "2020.7.12"]
[Round "1"]
[White "Sexxy_Bunny"]
[Black "AAP"]
[Result "1-0"]
[WhiteElo "2678"]
[BlackElo "2305"]

1. e4 c5 2. Nf3 e6 3. d4 cxd4 4. Nxd4 a6 5. Bd3 d5 6. exd5 Qxd5 7. O-O Nd7 8.
Be3 Ngf6 9. c4 Qd6 10. Nc3 Qb8 11. Qe2 Bc5 12. Rab1 Qa7 13. Nc2 b6 14. Bf4 O-O
15. Rfd1 Bb7 16. b4 Be7 17. Ne3 Rfe8 18. h3 Rad8 19. Bg3 Nf8 20. c5 Rc8 21. a4
Ng6 22. Nc4 bxc5 23. b5 Nd5 24. Nxd5 exd5 25. bxa6 Bxa6 26. Nb6 c4 27. Bc2 Rcd8
28. Rxd5 Bf6 29. Rxd8 Rxd8 30. Qe4 Qe7 31. Nd5 Qxe4 32. Bxe4 c3 33. Nb4 Bc4 34.
a5 Bb5 35. f3 Rd2 36. Kh2 Nh4 37. Nc2 Be2 38. Rb8+ Rd8 39. Rb6 Ng6 40. a6 Bxa6
41. Rxa6 h5 42. Kg1 h4 43. Bc7 Rc8 44. Bd6 Bg5 45. Bxg6 fxg6 46. Be5 Rc5 47. Bd4
Rd5 48. Kf1 Bf6 49. Ra4 Kf7 50. Ke2 Rd6 51. Kd3 1-0

[Event "AUTO-ELITE-2252"]
[Site "http://www.queenalice.com/game.php?id=1620217"]
[Date "2020.7.12"]
[Round "1"]
[White "AAP"]
[Black "Sexxy_Bunny"]
[Result "1/2-1/2"]
[WhiteElo "2341"]
[BlackElo "2659"]

1. d4 Nf6 2. c4 e6 3. g3 d5 4. Bg2 Be7 5. e3 O-O 6. Ne2 dxc4 7. O-O c5 8. dxc5
Qc7 9. Na3 Rd8 10. Qc2 Bxc5 11. Nxc4 Bd7 12. Rd1 Na6 13. Bd2 Bc6 14. Bxc6 Qxc6
15. Ne5 Qe8 16. Bc3 Bd6 17. Rac1 Rac8 18. Nf3 Nd5 19. a3 Be7 20. h4 h6 21. Qb1
Nxc3 22. Rxc3 Rxd1+ 23. Qxd1 Nb8 24. Qc2 Rxc3 25. Qxc3 Qc6 26. Qxc6 Nxc6 27. Kf1
Bf6 28. Ned4 Ne5 29. b3 g5 30. Nxe5 Bxe5 31. Nf3 Bd6 32. a4 g4 33. Nd2 Bb4 34.
Nc4 f5 35. Ke2 Kg7 36. e4 Kf6 37. e5+ Ke7 38. f3 gxf3+ 39. Kxf3 Kd7 40. g4 fxg4+
41. Kxg4 Kc6 42. Kh5 Be1 43. Nd6 Kd5 44. Nf7 Ke4 45. Kg4 Bd2 46. Kh5 Kf5 47.
Nd6+ Kf4 48. Kg6 Bc3 49. Nxb7 Kxe5 50. Kxh6 Kf4 51. Nd6 a6 52. Kg6 e5 53. Nc8 e4
54. Ne7 Ke5 55. Nf5 Kf4 56. Ne7 Be1 57. h5 e3 58. Nd5+ Ke4 59. Nf6+ Kd3 60. h6
Bc3 61. h7 e2 62. h8=Q e1=Q 63. Qc8 Kc2 64. Qxa6 Kxb3 65. Qb7+ Kxa4 66. Qe4+
Qxe4+ 67. Nxe4 Kb3 68. Nxc3 Kxc3 69. Kf5 Kd4 70. Kf4 Kc4 71. Ke4 Kb5 72. Kd5 Kb4
73. Kd4 Kb3 74. Kd3 1/2-1/2

[Event "AUTO-MASTER-2928"]
[Site "http://www.queenalice.com/game.php?id=1622808"]
[Date "2020.8.4"]
[Round "2"]
[White "StenioVS"]
[Black "AAP"]
[Result "0-1"]
[WhiteElo "2172"]
[BlackElo "2334"]

1. Nf3 e6 2. c4 Nf6 3. b3 c5 4. Bb2 Nc6 5. g3 d5 6. cxd5 exd5 7. Bg2 Be7 8. O-O
d4 9. d3 Nd5 10. Qc1 O-O 11. Nfd2 Bg4 12. Re1 Qd7 13. Na3 Rac8 14. Nf3 Rfe8 15.
Nc4 Bf6 16. Ncd2 Bd8 17. Nc4 Bf6 18. Qd2 b5 19. Na3 Bd8 20. Nxb5 Ba5 21. Qd1 Ne5
22. Nxe5 Rxe5 0-1

[Event "AUTO-MASTER-2928"]
[Site "http://www.queenalice.com/game.php?id=1622809"]
[Date "2020.8.4"]
[Round "2"]
[White "AAP"]
[Black "StenioVS"]
[Result "1-0"]
[WhiteElo "2326"]
[BlackElo "2180"]

1. d4 g6 2. e4 Bg7 3. Be2 c5 4. d5 d6 5. c4 Nf6 6. Nc3 O-O 7. Nf3 e6 8. O-O Na6
9. dxe6 fxe6 10. Bg5 h6 11. Bxf6 Bxf6 12. e5 dxe5 13. Qb1 Qe8 14. Qe4 Kg7 15.
Nxe5 Bd7 16. Bd3 Bc6 17. Qe2 Bxe5 18. Qxe5+ Rf6 19. Rfd1 Qf7 20. Be4 Kh7 21.
Bxc6 bxc6 22. Rd2 Rf8 23. Ne4 Rf5 24. Qd6 1-0

[Event "AUTO-MASTER-2928"]
[Site "http://www.queenalice.com/game.php?id=1622813"]
[Date "2020.8.4"]
[Round "2"]
[White "AAP"]
[Black "Andalgala"]
[Result "1-0"]
[WhiteElo "2356"]
[BlackElo "2161"]

1. d4 d6 2. Nf3 Nf6 3. c4 g6 4. Nc3 Bg7 5. e4 O-O 6. Be3 Nbd7 7. Qc2 e5 8. dxe5
Nxe5 9. Nxe5 dxe5 10. Rd1 Qe7 11. Nd5 Nxd5 12. cxd5 b6 13. Rc1 c5 14. dxc6 Be6
15. c7 Rfc8 16. Ba6 1-0

[Event "AUTO-MASTER-2928"]
[Site "http://www.queenalice.com/game.php?id=1622816"]
[Date "2020.8.4"]
[Round "2"]
[White "AAP"]
[Black "Donidon"]
[Result "1/2-1/2"]
[WhiteElo "2362"]
[BlackElo "2425"]

1. d4 Nf6 2. a3 d5 3. Bf4 e6 4. e3 c5 5. Nf3 Nc6 6. Be2 Be7 7. h3 O-O 8. O-O
cxd4 9. exd4 Bd6 10. Bxd6 Qxd6 11. Re1 e5 12. dxe5 Nxe5 13. Nxe5 Qxe5 14. Nc3
Qg5 15. Bf3 Be6 16. Qc1 Qxc1 17. Raxc1 Rac8 18. Re5 Nd7 19. Ree1 Nb6 20. Nb5 a5
21. Kh2 g6 22. Nd4 Bd7 23. b3 Kg7 24. g4 h6 25. Kg3 Rc5 26. a4 Kf6 27. Bg2 Na8
28. c3 Nc7 29. f4 Ne6 30. f5 Nxd4 31. cxd4 Rxc1 32. Rxc1 gxf5 33. Bxd5 Rc8 34.
Rxc8 1/2-1/2

[Event "AUTO-MASTER-2928"]
[Site "http://www.queenalice.com/game.php?id=1622817"]
[Date "2020.8.4"]
[Round "2"]
[White "Donidon"]
[Black "AAP"]
[Result "1/2-1/2"]
[WhiteElo "2430"]
[BlackElo "2354"]

1. e4 c5 2. Nf3 Nc6 3. d4 cxd4 4. Nxd4 Qc7 5. c4 Nf6 6. Nc3 Nxe4 7. Nxe4 Qe5 8.
Nxc6 Qxe4+ 9. Be2 dxc6 10. O-O g6 11. Re1 Bg7 12. a4 Qh4 13. Qb3 O-O 14. a5 Re8
15. h3 Qf6 16. c5 Be6 17. Qxb7 Bd5 18. Ra4 Qe5 19. a6 h5 20. Bf4 Qf5 21. Qb4 Qc2
22. Bf3 Bxf3 23. gxf3 Red8 24. Qe4 Qxc5 25. Kg2 Qb5 26. Qc4 Bf6 27. Be3 Qd5
1/2-1/2